Report of industrial training at perpustakaan institut penilaian negara : Januari 2015

Bibliographic Details
Main Author: Siti Solehah Binti Mohamad (Author)
Format: Book
Language:English
Subjects:

MARC

LEADER 00000cam a2200000 7i4500
001 0000029841
005 20241129.0
008 220404 my a eng
040 |a INS   |b eng   |c INS   |e rda 
090 0 0 |a T/REP56   |b 2015 
100 0 |a Siti Solehah Binti Mohamad ,   |e author 
245 1 0 |a Report of industrial training at perpustakaan institut penilaian negara :   |b Januari 2015   |c Siti Solehah Binti Mohamad 
264 0 |c 2015 
300 |a 1 volume (various pagings) :   |b illustrations ;   |c 30 cm. 
336 |a text  |2 rdacontent 
337 |a unmediated  |2 rdamedia 
338 |a volume  |2 rdacarrier 
610 2 0 |a Universiti Teknologi MARA   |c Faculty of Infromation Management. 
999 |a TRP0000091   |b BOOK   |c Training Report   |e Default branch